Homer in the twentieth century : between world literature and the western canon /

Bibliographic Details
Other Authors: Graziosi, Barbara, Greenwood, Emily
Format: Book
Language:English
Published: New York : Oxford University Press, 2007.
Series:Classical presences.
Subjects:
Online Access:Table of contents only

MARC

Tag First Indicator Second Indicator Subfields
LEADER 00000pam a22000004a 4500
001 in00002271621
005 20151105093816.0
008 070215s2007 nyua b 001 0 eng
010 |a  2007005777 
020 |a 9780199298266 (alk. paper) 
020 |a 0199298262 (alk. paper) 
035 |a (OCoLC)ocm84903206 
035 |a (OCoLC)84903206 
040 |a DLC  |c DLC  |d YDX  |d BAKER  |d BTCTA  |d YDXCP  |d UtOrBLW 
043 |a e-gr--- 
049 |a TXAM 
050 0 0 |a PA4037  |b .H7775 2007 
082 0 0 |a 883/.01  |2 22 
245 0 0 |a Homer in the twentieth century :  |b between world literature and the western canon /  |c edited by Barbara Graziosi and Emily Greenwood. 
264 1 |a New York :  |b Oxford University Press,  |c 2007. 
300 |a xiii, 322 pages :  |b illustrations ;  |c 23 cm. 
336 |a text  |b txt  |2 rdacontent 
337 |a unmediated  |b n  |2 rdamedia 
338 |a volume  |b nc  |2 rdacarrier 
490 1 |a Classical presences 
500 |a The essays stem from a conference held in Durham, England, July 20-23, 2004. 
504 |a Includes bibliographical references (pages [286]-311) and index. 
600 0 0 |a Homer  |x Criticism and interpretation  |x History  |y 20th century. 
600 0 0 |a Homer  |x Influence. 
650 0 |a Literature, Modern  |y 20th century  |x Greek influences. 
700 1 |a Graziosi, Barbara. 
700 1 |a Greenwood, Emily. 
830 0 |a Classical presences. 
856 4 1 |3 Table of contents only  |u http://www.loc.gov/catdir/toc/ecip0711/2007005777.html  |t 0 
938 |a Baker & Taylor  |b BKTY  |c 99.00  |d 99.00  |i 0199298262  |n 0007086846  |s active 
938 |a Baker and Taylor  |b BTCP  |n 2007005777 
938 |a YBP Library Services  |b YANK  |n 2550167 
945 |a PromptCat  |b 197379 
946 |a stk 
947 |a A14836200334 
948 |a cataloged  |b h  |c 2007/8/16  |d c  |e dmartine  |f 11:37:09 am 
994 |a 92  |b TXA 
999 |a MARS 
999 f f |s 34bc6a17-1168-3ac4-b083-dcb280e5cfe9  |i 7830fdd9-e800-31c1-9649-d31abb3e531f  |t 0 
952 f f |p normal  |a Texas A&M University  |b College Station  |c Sterling C. Evans Library  |d Evans: Library Stacks  |t 0  |e PA4037 .H7775 2007  |h Library of Congress classification  |i unmediated -- volume  |m A14836200334 
998 f f |a PA4037 .H7775 2007  |t 0  |l Evans: Library Stacks